| 000 | 01039cam a22002531i 4500 | ||
|---|---|---|---|
| 003 | SA-RiAUC | ||
| 005 | 20260201131512.0 | ||
| 008 | 260129s1999 le g 000 0 ara c | ||
| 040 |
_aSA-JeALM _bara _cSA-RiAUC. _erda |
||
| 050 | 4 | _b.A23 1999 | |
| 082 | 0 | 4 |
_a213 _qSA-RiAUC |
| 090 |
_a213 _bع ب د ل |
||
| 100 | 1 |
_aعبد الله الحداد، عبد الله بن علوي بن محمد، _d1044-1132 هجري _eمؤلف. |
|
| 245 | 1 | 2 |
_aالنصائح الدينية والوصايا الإيمانية / _cعبد الله بن علوي الحداد الحضرمي الشافعي. |
| 250 |
_aالطبعة الثالثة. _bمصححة ومنقحة |
||
| 264 | 1 |
_a[بيروت] : _bدار الحاوي، _c1999 |
|
| 300 |
_a432 صفحة ؛ _c20 سم |
||
| 336 |
_aنص _btxt _2rdacontent _3كتاب |
||
| 337 |
_aبدون وسيط _bn _2rdamedia |
||
| 650 | 7 |
_aالوعظ والإرشاد _2aucsh |
|
| 650 | 7 |
_aالأخلاق الإسلامية _2aucsh |
|
| 942 |
_2ddc _cBOOK _n0 |
||
| 949 |
_aSA-JeALM _d260129 _uosman123 _n1 |
||
| 999 |
_c14214 _d14214 |
||